| 000 | 003320000a22000970004500 | ||
|---|---|---|---|
| 100 | 1 | _aWong, Ka Leung | |
| 245 | 1 | 0 | _aProfanation/Sanctification and the past, present and future of Israel in the book of Ezequiel |
| 300 | _aVol. 28, Núm 2 (2003), Páginas 210-239 | ||
| 773 | 0 | _tJournal for the Study of the Old Testament | |
| 942 | _cANA | ||
| 999 |
_c54938 _d54938 |
||